[Event "Wch Blitz"]
[Site "Samarkand"]
[Date "2023.12.29"]
[Round "1"]
[White "Guseinov, Gadir"]
[Black "Chinguun, Sumiya"]
[Result "0-1"]
[WhiteElo "2636"]
[BlackElo "2319"]
[PlyCount "128"]
[EventDate "2023.12.29"]
[EventType "swiss (blitz)"]
[EventRounds "21"]
[EventCountry "UZB"]
[SourceTitle "CBM 217 Extra"]
[Source "ChessBase"]
[SourceDate "2024.01.31"]
[SourceVersion "1"]
[SourceVersionDate "2024.01.31"]
[SourceQuality "1"]

1. e4 c5 2. Nc3 Nc6 3. Bb5 Nd4 4. Nf3 a6 5. Bd3 Nc6 6. 0-0 d6 7. Re1 e5 8. Bc4 Be7 9. d3 Nf6 10. Bg5 0-0 11. a3 Bg4 12. h3 Bh5 13. Bxf6 Bxf6 14. Nd5 b5 15. Ba2 Bxf3 16. Qxf3 Bg5 17. c3 Ne7 18. a4 bxa4 19. Bc4 Nxd5 20. Bxd5 Rb8 21. Qe2 Qb6 22. Ra2 a3 23. b3 Qa5 24. Qc2 Bd8 25. Rea1 Qb5 26. Rxa3 a5 27. Rf1 Kh8 28. Ra2 f5 29. exf5 Rxf5 30. Qe2 Rf4 31. g3 Rf8 32. Kg2 Qd7 33. Ra4 c4 34. Rxc4 Rxb3 35. h4 Rb8 36. Rg4 a4 37. Ra1 Bb6 38. Bf3 d5 39. Raxa4 e4 40. dxe4 Qxa4 41. exd5 Qd7 42. Qe5 Bc7 43. Qd4 Rf6 44. h5 Rbf8 45. h6 Rxh6 46. Be2 Bb6 47. Rf4 Rxf4 48. Qxf4 Rf6 49. Qb8+ Qd8 50. Qxd8+ Bxd8 51. f4 Bb6 52. Kf3 Kg8 53. Ke4 Kf8 54. Bg4 Ke7 55. Be6 Kd6 56. g4 Rf8 57. g5 Ra8 58. f5 Ra4+ 59. Kd3 Rf4 60. c4 Bd8 61. g6 hxg6 62. fxg6 Bf6 63. Bf7 Rd4+ 64. Kc3 Rxd5+ 0-1

[Event "Wch Blitz"]
[Site "Samarkand"]
[Date "2023.12.29"]
[Round "9"]
[White "Guseinov, Gadir"]
[Black "Grischuk, Alexander"]
[Result "1/2-1/2"]
[WhiteElo "2636"]
[BlackElo "2732"]
[PlyCount "71"]
[EventDate "2023.12.29"]
[EventType "swiss (blitz)"]
[EventRounds "21"]
[EventCountry "UZB"]
[SourceTitle "CBM 217 Extra"]
[Source "ChessBase"]
[SourceDate "2024.01.31"]
[SourceVersion "1"]
[SourceVersionDate "2024.01.31"]
[SourceQuality "1"]

1. e4 c5 2. Nc3 Nc6 3. Nf3 e5 4. Bc4 Be7 5. 0-0 d6 6. d3 Nf6 7. Ng5 0-0 8. f4 Bg4 9. Qe1 exf4 10. Bxf4 Nd4 11. Qf2 h6 12. Nf3 Nxf3+ 13. gxf3 Be6 14. Qg2 Kh7 15. Rae1 Qd7 16. Bxe6 fxe6 17. Qh3 Rad8 18. Kh1 e5 19. Qxd7 Rxd7 20. Be3 Bd8 21. f4 exf4 22. Bxf4 Ba5 23. Bd2 Rdf7 24. Nb1 Bxd2 25. Nxd2 Ng4 26. Rxf7 Rxf7 27. Rf1 Rxf1+ 28. Nxf1 Kg6 29. Kg2 Kf6 30. Kg3 Ne5 31. Ne3 g6 32. h4 Nc6 33. Ng4+ Kg7 34. Ne3 Kf6 35. Ng4+ Kg7 36. Ne3 1/2-1/2

[Event "Wch Blitz"]
[Site "Samarkand"]
[Date "2023.12.29"]
[Round "3"]
[White "Guseinov, Gadir"]
[Black "Nigmatov, Ortik"]
[Result "0-1"]
[WhiteElo "2636"]
[BlackElo "2439"]
[PlyCount "89"]
[EventDate "2023.12.29"]
[EventType "swiss (blitz)"]
[EventRounds "21"]
[EventCountry "UZB"]
[SourceTitle "CBM 217 Extra"]
[Source "ChessBase"]
[SourceDate "2024.01.31"]
[SourceVersion "1"]
[SourceVersionDate "2024.01.31"]
[SourceQuality "1"]

1. e4 c5 2. Nc3 e6 3. Nf3 d6 4. d4 cxd4 5. Nxd4 Nf6 6. g3 a6 7. Bg2 Be7 8. 0-0 0-0 9. f4 Qc7 10. g4 Nc6 11. g5 Nd7 12. Be3 Nxd4 13. Qxd4 e5 14. Nd5 Qd8 15. Qc3 exf4 16. Bd4 Ne5 17. h4 Be6 18. Nxe7+ Qxe7 19. Bxe5 Rac8 20. Bf6 gxf6 21. gxf6 Qd8 22. Qd4 Rxc2 23. Rxf4 Kh8 24. Raf1 Rg8 25. R1f2 Rxf2 26. Rxf2 Qc7 27. b3 Rg4 28. Qe3 Rg8 29. Kh2 Qa5 30. Qf4 Rg4 31. Qxd6 Rxh4+ 32. Kg3 Rg4+ 33. Kh2 Rg8 34. Qf4 Qh5+ 35. Kg1 Bh3 36. Qd2 Qg4 37. Qe2 Qg5 38. Qd2 Qg6 39. Qe2 Bg4 40. Qd2 Be6 41. Qf4 Rd8 42. e5 Rg8 43. Qh4 Bd5 44. Qh3 Qg5 45. Qh2 0-1

[Event "Wch Blitz"]
[Site "Samarkand"]
[Date "2023.12.29"]
[Round "2"]
[White "Seemann, Jakub"]
[Black "Guseinov, Gadir"]
[Result "0-1"]
[WhiteElo "2441"]
[BlackElo "2636"]
[PlyCount "68"]
[EventDate "2023.12.29"]
[EventType "swiss (blitz)"]
[EventRounds "21"]
[EventCountry "UZB"]
[SourceTitle "CBM 217 Extra"]
[Source "ChessBase"]
[SourceDate "2024.01.31"]
[SourceVersion "1"]
[SourceVersionDate "2024.01.31"]
[SourceQuality "1"]

1. Nf3 g6 2. g3 Bg7 3. Bg2 d6 4. 0-0 e5 5. c4 f5 6. Nc3 Nf6 7. d3 0-0 8. Rb1 Nh5 9. Nd2 Nc6 10. b4 Kh8 11. b5 Nd4 12. e3 Ne6 13. Nd5 Nc5 14. Qc2 f4 15. exf4 exf4 16. Nb3 f3 17. Bh1 Ne6 18. Re1 c6 19. bxc6 bxc6 20. Nc3 d5 21. cxd5 cxd5 22. d4 a5 23. a4 Ng5 24. Bxg5 Qxg5 25. Re3 Bf5 26. Qd1 Bxb1 27. Qxb1 Rab8 28. Qd1 Nf6 29. Bxf3 Qf5 30. Nc5 Ng4 31. Rd3 Rb2 32. Nxd5 Nxf2 33. Qc1 Nxd3 34. Nxd3 Bxd4+ 0-1